000 00833nam a2200229 a 4500
001 BRCA_2050
005 20190320203641.0
008 050808s1991----mx-a---###---#000-0#spa-#
041 _aspa
044 _amx
050 4 _aF1391.P8
_b.Q568 1991
245 1 0 _aPrimer coloquio
_bbalances y prospectivas de las investigaciones sobre Puebla : memorias.
260 _aMéxico
_bGobierno del Estado de Puebla ; Comisión Puebla V Centenario
_c1991
300 _a558 p.
_bil.
_c23 cm.
440 0 _aColección V Centenario
_96254
500 _aTítulo en el lomo: Primer coloquio sobre Puebla
504 _aIncluye referencias bibliográficas
651 4 _aPuebla (Estado)
_vCongresos
_96255
711 2 _aColoquio sobre Puebla
_n1
_d1990
_cUniversidad Autónoma de Puebla
_96256
740 0 _aPrimer coloquio sobre Puebla
942 _2lcc
_cB
999 _c1814
_d1814